Normal view
MARC view
- Pulido Jiménez, Miguel Angel
Entry Nombre Personal
001 - NUMERO DE CONTROL
- campo de control: 37649
003 - IDENTIFICADOR DE NUMERO DE CONTROL
- campo de control: MX-MxUPN
005 - FECHA Y HORA DE LA ÜLTIMA TRANSACCIÓN
- campo de control: 20240111110352.0
008 - DATOS DE LONGITUD FIJA
- campo de control de longitud fija: 240111nn acnnnaabn a ana |d
035 ## - NUMERO DE CONTROL
- Número de control: UPN11000009756
040 ## - FUENTE DE CATALOGACIÓN
- Lenguaje de catalogación: spa
- Agencia original de catalogación: MX-MxUPN
100 1# - ENCABEZAMIENTO - NOMBRE PERSONAL
- Nombre personal: Pulido Jiménez, Miguel Angel
400 1# - VEÁSE - NOMBRE DE PERSONA
- Personal name: Pulido Jiménez, Miguel
670 ## - FUENTE EN LA QUE SE LOCALIZARON DATOS
- Cita de la fuente: T
- Información localizada: Construir obra pública, edificar ciudadanía
670 ## - FUENTE EN LA QUE SE LOCALIZARON DATOS
- Cita de la fuente: Colores de libertad, 2018 :
- Información localizada: (Miguel Pulido Jiménez)
902 ## - CATALOGADOR
- Catalogador: MCM/110915
- Catalogador: VíctorGodínez/110124
